02132nam a2200361 u 4500001000800000005001700008007001000025008004100035035001200076040001300088041000800101080000600109082000800115100005800123245008200181260003900263300001300302520071200315650005101027650005901078650003301137650004101170650005001211700005001261700005401311700005501365942001001420999001901430502001001449526000701459952013601466952016801602141053520260508090018.0co|||||||150526s2015 spa  a1410535 ccomduadb aspa aH 4a33610aGallego Rodríguez, Claudia Isabel4auteaut972003510aIncidencias del CREE en las personas naturales trabajadoras por cuenta propia aMedellín :bAutores (as),c2015. a1 CD-ROM3 aRESUMEN: Las intenciones del gobierno al propiciar la creación del Impuesto sobre la renta para la equidad CREE eran las mejores para incrementar de manera directa la generación de empleo y la formalización de las modalidades de contratación laboral; sin embargo, hay quienes no ven tan favorables las consecuencias del CREE y critican fuertemente la exoneración de las personas naturales, puesto que el hecho de que una persona natural no sea sujeto pasivo del CREE no le impide que se pueda beneficiar de la exoneración del pago de los aportes parafiscales en caso de ser empleadora, en este caso la ley de forma expresa contempla que las personas naturales puedan gozar de tal exoneración.  7aImpuestos sobre la rentazColombia2lemb93437 aImpuesto sobre la renta para la equidad (CREE)9218268 aAportes parafiscales9138861 7aExención de impuestos2lemb922722 aTrabajadores independientes - Colombia91125210aAmaya Zuluaga, Gloria Deisy4auteaut973305610aGuzmán Marín, Reinel José4auteaut973305710aBedoya Martínez, Omar Hernando4thseths9286223 cTESIS c721466d721466 b66c9 a66 001040708DIGITALaCIEbCIEd2015-05-26iC1226315l0oH/01966 CD-ROMp61000004731567r2023-05-03 00:00:00t1w2023-05-03yDIGITAL 001040708TESDIGBCaBCbBCd2015-05-27eMaterial adquirido por donacióniC1226351l0o336.24 G166 CD-ROMp01012846r2023-05-03 00:00:00t2w2023-05-03yDIGITAL